000 00922nam a22002417a 4500
003 BD-DhSAU
005 20210930100727.0
008 210929b |||||||| |||| 00| 0 eng d
040 _aBD-DhSAU
082 _222
_a630.2
_bH27
100 _aHASAN, MD. MAHADI;
_eREGISTRATION NO. :#18-09281
245 _aEffects of foliar application of boron on growth,yield and nutrients content of tomato /
_bMs Thesis
260 _aSher-e-bangla Agricultural University Dhaka 1207;
_bDepartment of Agricultural Chemistry;
_c2020.;
300 _aviii.;
_b71p.;
_c30cm.;
500 _aIncluding Index.;
590 _anazmul
600 _qfoliar application of boron
610 _a nutrients content of tomato
700 _a Dr.Md.Abdur Razzaque
_eSupervisor
710 _aDr. SheikhShawkatZamil
_eCo-Supervisor
856 _uhttp://archive.saulibrary.edu.bd:8080/xmlui/handle/123456789/3567
_yOnline Access
942 _2ddc
_cTHESIS
999 _c15339
_d15338